000 00209nam a22000857a 4500
008 170617b xxu||||| |||| 00| 0 eng d
100 _93490
_aSingh. A, K
245 _aIndian Post
260 _aNew Delhi
_bN. B. T
_c2009
999 _c6873
_d6873